| 000 | 00547nam a22001817a 4500 | ||
|---|---|---|---|
| 005 | 20251108172701.0 | ||
| 008 | 250721s2001 xx 000 0 ara d | ||
| 082 | 1 | 4 | _a618.2/مرا |
| 100 | 1 |
_aمراد، عصام _eمؤلف |
|
| 245 | 1 | 0 | _aموسوعة الحمل والولادة من الألف إلى الياء / |
| 264 | 1 |
_aالقاهرة : _bدار الطلائع، _c2001. |
|
| 300 | _a239ص. | ||
| 650 | 1 | 7 | _aالولادة |
| 650 | 1 | 7 | _aالعملية القيصرية |
| 650 | 1 | 7 | _aالحمل |
| 942 |
_2ddc _cBK |
||
| 999 |
_c85883 _d85883 |
||